000 004120000a22001450004500
003 MACL
005 20170618155400.0
008 170618b xxu||||| |||| 00| 0 eng d
040 _cmacl
100 _aद्विवेदी,कमल
_967593
245 _aसामान्‍य मनोविज्ञान
350 _a140
650 _aमनोविज्ञान
_967594
942 _cHIN
_k150
_2ddc
999 _c10577
_d10577